Indicators and thresholds for the evaluation of sustainable land management (Record no. 61130)

MARC details
000 -LEADER
fixed length control field 01833nam a2200181Ia 4500
100 ## - MAIN ENTRY--AUTHOR NAME
Personal name Syers J K
245 #0 - TITLE STATEMENT
Title Indicators and thresholds for the evaluation of sustainable land management
260 ## - PUBLICATION, DISTRIBUTION, ETC. (IMPRINT)
Name of publisher Canadian Journal of Soil Science
Year of publication 1995
300 ## - PHYSICAL DESCRIPTION
Number of Pages 423-428
500 ## - GENERAL NOTE
General note Source Year: 1996
520 ## - SUMMARY, ETC.
Summary, etc Within the context of major land uses such as agriculture, the indicators of sustainability must be framed within the social and economic conditions of the society in question. Whereas an indicator is used to measure changes in key attributes, usually over time, a threshold provides a baseline against which sustainability can be assessed. A direct measure of sustainability using indicators is difficult, and indirect measures or surrogates may be easier to establish. There is some information on threshold values for indicators, particularly for indicators such as soil acidity and nutrient status, and for those relating to root physiology. Because some threshold values are soil specific, a range of values will be required for a particular indicator. There have been few case studies involving indicators and thresholds for sustainable land management. Examples of soil and land suitability for the production of Hevea brasiliensis (rubber) in Malaysia and for the management of sloping lands for annual crops in the Philippines are discussed. Biophysical indicators and thresholds for sustainable rubber production are well-understood, particularly those relating to climate and soil physical factors. For sloping lands in the Philippines, yield data and benefit: cost ratios give a clear picture of trends and sustainability.
650 ## - SUBJECT ADDED ENTRY--TOPICAL TERM
Topical Term Sustainable land management
700 ## - ADDED ENTRY--PERSONAL NAME
Personal name
700 ## - ADDED ENTRY--PERSONAL NAME
Personal name Hamblin A
856 ## - ELECTRONIC LOCATION AND ACCESS
Uniform Resource Identifier IRRDB
942 ## - ADDED ENTRY ELEMENTS (KOHA)
Koha item type Journals
700 ## - ADDED ENTRY--PERSONAL NAME
-- Pushparajah E
Holdings
Withdrawn status Lost status Damaged status Not for loan Home library Current library Shelving location Date acquired Serial Enumeration / chronology Koha item type
      Journals RRII Library RRII Library Soils and agonomy 17/12/2021 Volume 75, Issue 4 Journals